Kariérny rozvoj zamestnanca bakalárska práca

Uložené v:
Podrobná bibliografia
Hlavný autor: Brezovská, Lucia
Korporativný autor: Fakulta podnikového manažmentu EU. Katedra manažmentu
Ďalší autori: Dubeňová, Katarína
Médium: Kniha
Jazyk:Slovak
Vydavateľské údaje: Bratislava 2012
Tagy: Pridať tag
Žiadne tagy, Buďte prvý, kto otaguje tento záznam!

MARC

LEADER 00000nbm a2200000 4500
001 0153921
005 20161109111815.0
041 0 |a slo 
044 |a SK 
245 1 0 |a Kariérny rozvoj zamestnanca  |b bakalárska práca  |c Lucia Brezovská ; školiteľ: Katarína Dubeňová 
264 1 |a Bratislava  |c 2012 
300 |a 59 s. 
100 1 |a Brezovská, Lucia 
700 1 |a Dubeňová, Katarína 
710 2 |a Fakulta podnikového manažmentu EU. Katedra manažmentu